[Event "93rd FRA-ch Acession 2018"]
[Site "Nimes"]
[Date "2018.08.26"]
[Round "9"]
[White "Favarel, Julien"]
[Black "Monroy, Charles"]
[Result "1-0"]
[WhiteElo "2249"]
[BlackElo "2428"]
[Annotator "TA"]
[PlyCount "63"]
[EventDate "2018.08.18"]
[EventType "tourn"]
[EventCountry "FRA"]
[SourceTitle "playchess.com"]
[Source "ChessBase"]
[SourceQuality "1"]

{[%evp 20,63,50,31,41,41,57,54,58,51,58,59,51,38,63,44,41,58,70,70,125,90,144,54,232,242,410,388,448,421,575,588,521,572,533,522,534,251,237,276,272,245,249,197,29997,29998]} 1. e4 c5 2. Nf3 e6 3. d4 cxd4 4. Nxd4 a6 5. c4 Nf6 6. Nc3 Qc7 7. Be2 Bb4 8. Nc2 Be7 {B41: Sicilian: Kan Variation: 5 c4} (8... Bxc3+ 9. bxc3 d6 10. f3 O-O 11. O-O Nbd7 12. Qd4 e5 13. Qf2 Nc5 14. Bg5 Nfd7 15. a4 f6 16. Be3 {0-1 (57) Ganguly,S (2652)-Bocharov,D (2573) Ulaanbaatar 2018}) 9. f4 d6 10. O-O O-O 11. Qd3 {LiveBook: 7 Games} Nbd7 12. b4 b6 13. Bb2 Bb7 14. Rac1 Rac8 15. a3 Rfe8 16. g4 $146 {aiming for g5.} ({Predecessor:} 16. Qf3) 16... h6 17. h4 $1 Nh7 18. g5 hxg5 19. hxg5 Ndf8 (19... Qd8 $14) 20. Ne3 $1 $16 Qd8 21. Bg4 (21. Rc2 $1 $16) 21... Rb8 $2 (21... Ng6 $14) 22. Rc2 $1 $18 {[%cal Bc1c2,Bc2h2,Bh2h3][%mdl 32]} e5 $2 (22... Bxg5 23. fxg5 Ng6) 23. Ncd5 Ng6 24. Nf5 Bf8 25. Qh3 {Intending Rh2 and mate.} exf4 26. Rh2 {[%csl Gh2][%cal Rh3h7]} Nxg5 27. Qh5 Bxd5 28. Rf3 $40 {[%mdl 128] Black is in trouble.} (28. exd5 $142 {Black must now prevent Nh4.} Re5 29. Rxf4 $1 {[%mdl 512]} (29. Bxe5 dxe5 30. d6 e4 $16)) 28... Bxe4 {[#]} (28... Nxf3+ 29. Bxf3 Nh4 30. Rxh4 $18) ({Don't play} 28... Bxc4 $6 29. Rfh3 $16) 29. Rfh3 $1 {[%mdl 512]} Nxh3+ 30. Rxh3 {[%csl Gh3][%cal Rh5h7]} Nh4 31. Nxh4 {Qh8+! would kill now.} Re5 $2 {[#]} ({Inferior is} 31... b5 {[#]} 32. Qh8+ $1 {[%mdl 512]} Kxh8 33. Ng6+ Kg8 34. Rh8#) (31... f6 $18) 32. Qh8+ $1 {[%mdl 512] Precision: White = 63%, Black = 49%.} 1-0

[Event "93rd FRA-ch Acession 2018"]
[Site "Nimes"]
[Date "2018.08.26"]
[Round "9"]
[White "Mouhamad, Joachin"]
[Black "Joie, Sebastien"]
[Result "1-0"]
[WhiteElo "2194"]
[BlackElo "2424"]
[Annotator "TA"]
[PlyCount "93"]
[EventDate "2018.08.18"]
[EventType "tourn"]
[EventCountry "FRA"]
[SourceTitle "playchess.com"]
[Source "ChessBase"]
[SourceQuality "1"]

{[%evp 15,93,0,37,36,43,26,53,29,43,33,39,2,10,21,21,12,27,0,0,-14,0,0,94,63,82,82,105,94,96,79,72,90,83,99,100,31,93,80,85,86,92,42,92,84,143,79,134,128,78,120,156,151,184,186,189,200,307,241,223,182,333,325,303,293,470,470,472,460,778,786,768,789,783,788,718,701,795,778,29988,29989]} 1. e4 e5 2. Bc4 Nf6 3. d3 {[%cal Bd2d3,Bd3d4,Bd4d5][%mdl 32]} Nc6 4. Nf3 h6 5. O-O d6 6. c3 g5 {C55: Zweispringerspiel} 7. Re1 (7. a4 Bg7 8. Re1 O-O 9. h3 d5 10. exd5 Nxd5 11. Nbd2 a6 12. Ne4 Nf4 13. a5 b5 14. axb6 cxb6 {1-0 (43) Karjakin,S (2782)-Mamedyarov,S (2808) Paris 2018}) 7... Bg7 8. d4 Bg4 {LiveBook: 4 Partien. Die Stellung ist ausgeglichen.} 9. d5 $146 ({Vorgänger:} 9. Bb5 Nd7 10. d5 Ne7 11. h3 Bxf3 12. Bxd7+ Qxd7 13. Qxf3 Ng6 14. Nd2 {0-1 (31) Huschenbeth,N (2549)-Grandelius,N (2646) Batumi 2018}) 9... Ne7 10. Nbd2 Ng6 11. a4 Bh5 12. Bb5+ Kf8 {Weiss muss nun ...a6 beachten.} 13. Nf1 g4 14. N3d2 g3 15. f3 c6 16. Bc4 gxh2+ 17. Nxh2 Nf4 18. Ndf1 b5 (18... cxd5 $11 19. exd5 Qc7) 19. axb5 $16 cxb5 20. Bd3 Nd7 21. g3 (21. Bc2 {feels hotter.} a5 22. g3 Nh3+ 23. Kg2 Ng5 24. Qd2) 21... Nxd3 22. Qxd3 a6 23. Be3 Bf6 24. Ra2 Bg5 25. Bf2 (25. Rea1 $16) 25... Kg7 (25... Bg6 $14) 26. Rea1 Qc8 27. Ne3 {Und Sf5+ würde nun gewinnen.} Bg6 28. Nhf1 h5 29. b4 h4 ({Besser ist} 29... Nf6) 30. g4 (30. gxh4 $142 Bxh4 31. Bxh4 Rxh4 32. Ng3) 30... Nf6 (30... Nb6 $142) 31. c4 bxc4 32. Qxc4 Qd7 33. Qc6 Qe7 34. Rxa6 Rxa6 35. Rxa6 Ne8 (35... Bf4 $142 36. Qxd6 Qxd6 37. Rxd6 h3) 36. Ra8 h3 37. Qc8 Bxe3 $2 (37... h2+ 38. Kh1 Rh3) 38. Nxe3 $18 (38. Bxe3 h2+ 39. Kh1 (39. Nxh2 Qh4 $11) 39... Qh4 $16) 38... Qg5 {[#]} 39. Qc1 $1 {Droht Sf5+ und aus.} Kf6 $2 (39... h2+ 40. Kh1 Kf8) 40. Bg3 h2+ 41. Bxh2 Rh3 {[#]} (41... Qh4 $142 42. Qd2 Qh3) 42. Kg2 $1 {[%cal Rg2h3]} (42. Rxe8 Rxf3 43. Bxe5+ dxe5 $11) 42... Qh4 43. Nf1 Bxe4 44. fxe4 Qxg4+ 45. Ng3 Rh4 46. Qc8 ({Nicht} 46. Rxe8 Qh3+ 47. Kf3 (47. Kf2 Qxh2+ 48. Kf3 Rf4+ 49. Qxf4+ exf4 $11) 47... Qg4+ 48. Kg2 Qh3+ 49. Kf3 (49. Kf2 Qxh2+ 50. Kf3 Rf4+ 51. Qxf4+ exf4 $11) 49... Qg4+ 50. Kg2 $11) 46... Qf4 {[#]} 47. Nh5+ $1 {[%mdl 512] Precision: Weiß = 61%, Schwarz = 34%.} 1-0